|
|
|
|
| LEADER |
00000nas a2200000 a 4500 |
| 001 |
vtls012268109 |
| 003 |
SK-MaSNL |
| 005 |
20260228155858.0 |
| 008 |
241209d18791910xo ar 0 0hun |
| 015 |
|
|
|a SNBHFB
|
| 040 |
|
|
|a SNKHF
|b slo
|c SNKHF
|e rda
|
| 041 |
0 |
|
|a hun
|a ger
|
| 044 |
|
|
|a xo
|c SK
|
| 072 |
|
7 |
|a 57
|x Všeobecná biológia
|2 konspekt
|
| 080 |
|
|
|a 57/59
|2 2011
|
| 080 |
|
|
|a (051)-048.55
|2 2011
|
| 245 |
0 |
0 |
|a A Trencsén Vármegyei Természettudományi Egylet... Évi
|b Jahresheft des Naturwissenschaftlichen Vereines des Trencsiner Comitates
|
| 246 |
1 |
1 |
|a Jahresheft des Naturwissenschaftlichen Vereines des Trencsiner Comitates
|
| 264 |
|
1 |
|a Trencsén
|b Skarnitzl X. Fr. Gyorssajtónyomása
|c 1879-1810
|
| 300 |
|
|
|c 23 cm
|
| 310 |
|
|
|a 1x ročne
|
| 336 |
|
|
|a text
|b txt
|2 rdacontent
|
| 337 |
|
|
|a bez média
|b n
|2 rdamedia
|
| 338 |
|
|
|a zväzok
|b nc
|2 rdacarrier
|
| 362 |
0 |
|
|a [1879-1910]
|z ZDB/2024
|
| 500 |
|
|
|a Súčasťou názvu je označenie akademického roku
|
| 650 |
0 |
7 |
|a biológia
|2 SNKPH
|9 689
|
| 655 |
|
7 |
|a špecializované časopisy
|2 SNKPH
|9 70509
|
| 700 |
1 |
|
|a Škarnicel, František Xaver,
|d 1769-1841
|4 prt
|9 157699
|
| 752 |
|
|
|a Slovensko
|d Trenčín
|
| 852 |
|
|
|a snk
|b Zaiova knižnica: Zay 17974
|p ČSC 4277/1892/3
|
| 958 |
|
|
|a DF
|
| 999 |
|
|
|c 804
|d 804
|
| 952 |
|
|
|0 0
|1 0
|4 0
|7 0
|8 5
|a SNK
|b SNK
|c SNK_HF
|d 2024-12-09
|i snk2024/18246
|l 0
|o snkČSC 4277/1892/3
|p 17A1488327
|r 2026-02-21 22:35:23
|t Zay 17974
|w 2026-02-21
|y PREZ
|